Statistiques concernant Le club des plus belles baies du monde - Monde

Cliquez ici pour prendre le quiz!

Statistiques générales

  • Ce quiz a été pris 4 fois
  • Le résultat moyen est 3 sur 42

Statistiques - réponses

PaysRégionRéponseRéponse% Correct
FranceBretagneGolfe du...Morbihan
75%
Viêt NamĐông BắcBaie d'...Along
50%
FranceBretagne
Normandie
Baie du...Mont Saint-Michel
50%
FranceCorseGolfe de...Porto
25%
FrancePays de la LoireBaie des...Sables d'Olonne
25%
FranceGuadeloupeBaie des...Saintes
25%
Etats-UnisCalifornieBaie de...San Francisco
25%
FranceHauts-de-FranceBaie de...Somme
25%
MarocSouss-Massa-DrâaBaie d'...Agadir
0%
MarocAl HoceïmaBaie d'...Al Hoceïma
0%
MexiqueJaliscoBaie de...Banderas
0%
TurquieRégion égéenneBaie de...Bodrum
0%
Cambodge/Baie du...Cambodge
0%
ColombieBolívarBaie de...Carthagène des Indes
0%
CanadaNouveau-Brunswick
Québec
Baie des...Chaleurs
0%
MadagascarDianaBaie de...Diego-Suarez
0%
FranceMartiniqueBaie de...Fort-de-France
0%
GrèceÎle de PatmosBaie de...Grikos
0%
PortugalÎle de Faial, AçoresBaie de...Horta
0%
MonténégroKotorBouches de...Kotor
0%
JaponSaseboBaie de...Kujukushima
0%
FranceProvence-Alpes-Côte d'AzurBaie de...La Ciotat
0%
Viêt NamCôte centrale du NordBaie de...Lang Co-Hué
0%
JaponMatsushimaBaie de...Matsushima
0%
Cap-VertSão VicenteBaie de...Mindelo
0%
Viêt NamNam Trung BộBaie de...Nha Trang
0%
MozambiqueCabo DelgadoBaie de...Pemba
0%
TaïwanÎles PescadoresBaie de...Penghu
0%
FrancePays de la LoireBaie de...Pouliguen
0%
BrésilSanta CatarinaBaie de...Praia do Rosa
0%
PhilippinesMimaropaBaie de...Puerto Galera
0%
ChineShandongBaie de...Qingdao
0%
EspagneCatalogneGolfe de...Rosas
0%
CroatieComitat de ZadarBaie de...Sakarun
0%
République DominicaineSamanáBaie de...Samaná et Rincón
0%
EspagneCantabrieBaie de...Santander
0%
PortugalDistrict de Setúbal, Région de LisbonneBaie de...Setúbal
0%
SénégalFatick, KaolackBaie du...Siné Saloum
0%
JaponShizuokaBaie de...Suruga
0%
CanadaQuébecBaie de...Tadoussac
0%
JaponTomaya et IshikawaBaie de...Toyama
0%
Corée du SudJeollanamBaie de...Yeosu
0%

Distribution des résultats

Percentile par nombre de réponses

% des personnes avec chaque résultat

Votre développement - résultats

Vous n’avez pas pris ce quiz